000 00814nas a2200265 4500
001 BR9504818
003 BR-BrBNA
005 20231205094138.0
007 ta
008 230509b bl.|||p| |||| 00| 00por d
040 _aBR-BrBNA
_bpor
_cBiblioteca Nacional de Agricultura
041 _a(Pt)
072 _aF01
100 1 _aTorres, S.M. de S.
100 1 _aViana, O.J.
100 1 _aAlves, J.F.
100 1 _aAraujo Filho, J.A. de
245 1 _aEstudo da producao de biomassa do capim "Buffel", Cenchrus ciliaris L., em diferentes epocas e metodos de plantio
650 _aCapim Buffel
650 _aEpoca de Plantio
650 _aCeara
773 0 _tCiencia Agronomica (Brazil)
_x
_g(Jun-Dec 1990), v. 21(1-2) p. 11-18
_wBR9504818
909 _a202311
_bLúcia
_c55
_dLúcia Elande
942 _2AGRIS
_n0
_cANA
999 _c142343
_d142343